000 00510nam a2200193Ia 4500
001 13744
003 GE_BSU
008 181216s||||||||xx |||||||||||||| ||und||
040 _cGE_BSU
080 _a821.353.1-3
100 _aრჩეულიშვილი,გურამ
245 _aალავერდობა
260 _aთბილისი
260 _bნაკადული
260 _c1967
300 _a20გვ.14სმ.
653 _aალავერდობა
942 _cBK
999 _c46891
_d46891